Идея Великого единения (Да тун) в истории китайской общественной мысли рубежа XIX-XX вв. и Кан Ю-вэй (Запись № 12373604)

Подробности
000 -МАРКЕР
контрольное поле 02775nam0a2200397 4500
001 - ИДЕНТИФИКАТОР ЗАПИСИ
контрольное поле RU\NLR\BIBL_A\012834748
005 - ИДЕНТИФИКАТОР ВЕРСИИ
контрольное поле 20220915112340.0
010 ## - МЕЖДУНАРОДНЫЙ СТАНДАРТНЫЙ НОМЕР КНИГИ (ISBN)
Номер (ISBN) 978-5-9690-0357-6
Тираж 100
021 ## - НОМЕР ГОСУДАРСТВЕННОЙ РЕГИСТРАЦИИ
Код страны Российская Федерация
Номер КН-П-22-020202
Номер Листа государственной регистраци КН-П-22-1728
035 ## - ДРУГИЕ СИСТЕМНЫЕ НОМЕРА
Идентификатор записи (NLR Aleph) 012834748
035 ## - ДРУГИЕ СИСТЕМНЫЕ НОМЕРА
Идентификатор записи (RuMoRGB)011025086
100 ## - ДАННЫЕ ОБЩЕЙ ОБРАБОТКИ
Данные общей обработки 20220630d2017 k y0rusy50 ca
101 0# - ЯЗЫК РЕСУРСА
Язык текста, звукозаписи и т.д. русский
-- китайский
102 ## - СТРАНА ПУБЛИКАЦИИ ИЛИ ПРОИЗВОДСТВА
Страна публикации Российская Федерация
105 ## - ПОЛЕ КОДИРОВАННЫХ ДАННЫХ: ТЕКСТОВЫЕ МАТЕРИАЛЫ, МОНОГРАФИЧЕСКИЕ
Кодированные данные о монографическом текстовом документе y|||z||||||z|
181 #1 - ПОЛЕ КОДИРОВАННЫХ ДАННЫХ: ВИД СОДЕРЖАНИЯ
Код вида содержания (ISBD) i
Код характеристики содержания (ISBD) axxe
182 #1 - ПОЛЕ КОДИРОВАННЫХ ДАННЫХ: ТИП СРЕДСТВА
Код типа средства (ISBD) n - непосредственное
200 1# - ЗАГЛАВИЕ И СВЕДЕНИЯ ОБ ОТВЕТСТВЕННОСТИ
Основное заглавие Идея Великого единения (Да тун) в истории китайской общественной мысли рубежа XIX-XX вв. и Кан Ю-вэй
Первые сведения об ответственности Д. Е. Мартынов, Г. Г. Зайнуллин
Последующие сведения об ответственности Казанский (Приволжский) федеральный университет, Институт международных отношений, истории и востоковедения, Институт Конфуция Казанского федерального университета
203 ## - ВИД СОДЕРЖАНИЯ И ТИП СРЕДСТВА
Вид содержания Текст
Дополнительные сведения об издании визуальный
Тип средства непосредственный
210 ## - ПУБЛИКАЦИЯ, РАСПРОСТРАНЕНИЕ И ДР.
Место издания, распространения и т.д. Казань
Имя издателя, распространителя и т. д. Изд-во Академии наук РТ
Дата издания, распространения и т.д. 2017
215 ## - ФИЗИЧЕСКАЯ ХАРАКТЕРИСТИКА
Специфическое обозначение материала и объем 346 с., [2] л. кит. текста
Размеры 21
300 ## - ОБЩИЕ ПРИМЕЧАНИЯ
Текст примечания В тексте введ. 1-й авт.: д-р ист. наук Д. Е. Мартынов
300 ## - ОБЩИЕ ПРИМЕЧАНИЯ
Текст примечания Часть текста кит.
320 ## - ПРИМЕЧАНИЯ О НАЛИЧИИ В ДОКУМЕНТЕ БИБЛИОГРАФИИ / УКАЗАТЕЛЯ
Текст примечания Библиогр.: с. 310-342 (431 назв.) и в подстроч. примеч.
330 ## - РЕЗЮМЕ ИЛИ РЕФЕРАТ
Текст примечания Монография посвящена процессу рецепции древнекитайского идеала Великого единения (Да тун) в условиях модернизации общественно-политической мысли Китая рубежа XIX-XX вв. Предназначена для студентов, магистров и аспирантов, слушающих курс <Общественная мысль Китая>, исследователей общественной мысли на Дальнем Востоке, и всех заинтересованных в данной проблеме
606 1# - НАИМЕНОВАНИЕ ТЕМЫ КАК ПРЕДМЕТ
Наименование темы Общественная мысль
Географический подзаголовок Китай
Хронологический подзаголовок 2-я пол. 19 - нач. 20 вв.
Системный номер авторитетной/нормативной записи 2339866
Идентификатор авторитетной/нормативной записи RU\NLR\AUTH\6601622275
675 ## - УНИВЕРСАЛЬНАЯ ДЕСЯТИЧНАЯ КЛАССИФИКАЦИЯ (UDC/УДК)
Индекс 94(510)<18/19>
Издание 4
686 1# - ИНДЕКСЫ ДРУГИХ КЛАССИФИКАЦИЙ
Индекс Т3(5Кит)53-72
686 1# - ИНДЕКСЫ ДРУГИХ КЛАССИФИКАЦИЙ
Индекс Ю6г(5Кит)
700 #1 - ИМЯ ЛИЦА - ПЕРВИЧНАЯ ОТВЕТСТВЕННОСТЬ
Графика поля Кириллица
Материалы, к которым относится поле rus
Начальный элемент ввода Мартынов
Часть имени, кроме начального элемента ввода Д. Е.
Дополнения к именам, кроме дат д-р ист. наук
Даты 1980-
Расширение инициалов личного имени Дмитрий Евгеньевич
Системный номер авторитетной/нормативной записи 70997
Идентификатор авторитетной/нормативной записи RU\NLR\AUTH\7788069
701 #1 - ИМЯ ЛИЦА - АЛЬТЕРНАТИВНАЯ ОТВЕТСТВЕННОСТЬ
Начальный элемент ввода Зайнуллин
Часть имени, кроме начального элемента ввода Г. Г.
Расширение инициалов личного имени Габдулзямиль Габдулхакович
Код отношения Функция не определена
942 ## - ДОПОЛНИТЕЛЬНЫЕ ЭЛЕМЕНТЫ ЗАПИСИ (АБИС)
Тип экземпляра АБИС Книга
980 ## - КОЛЛЕКЦИЯ
Название коллекции Национальная библиография
Экземпляры
Тип экземпляра Дата поступления Источник поступления Библиотека постоянного хранения Библиотека текущего хранения Место хранения Шифр хранения Штрих-код Статус экземпляра
Книга 30.06.2022 Обязательный экземпляр РНБ (Московский) РНБ (Московский) Русский книжный фонд: издания с 1957 года 2022-3/17514 1-3873711  
Книга 30.06.2022 Обязательный экземпляр РНБ (Московский) РНБ (Московский) Русский книжный фонд: издания с 1957 года 2022-3/17514 1-3873712